LEADER 01833nam 2200481 450 001 9910465673203321 005 20180613003119.0 010 $a0-19-063047-7 010 $a0-19-023182-3 010 $a0-19-023181-5 035 $a(CKB)3710000000843260 035 $a(EBL)4706655 035 $a(MiAaPQ)EBC4706655 035 $a(StDuBDS)EDZ0001569087 035 $a(EXLCZ)993710000000843260 100 $a20161014h20172017 uy 0 101 0 $aeng 135 $aur|n|---||||| 181 $2rdacontent 182 $2rdamedia 183 $2rdacarrier 200 10$aUltrasound guided regional anesthesia /$fStuart A. Grant, David B. Auyong 205 $a2nd ed. 210 1$aNew York, New York :$cOxford University Press,$d2017. 210 4$d©2017 215 $a1 online resource (281 p.) 300 $aDescription based upon print version of record. 311 $a0-19-023180-7 320 $aIncludes bibliographical references and index. 330 $aThis book provides a detailed, stepwise approach to performing ultrasound guided regional anesthesia, identifying pearls and pitfalls to ensure success. Basic principles are covered, followed by techniques for upper extremity, lower extremity, and chest, trunk and spine nerve blocks. Each nerve block is comprehensively explained, divided up by introduction, anatomy, clinical applications, technique, alternate techniques, complications, and pearls. 606 $aConduction anesthesia 608 $aElectronic books. 615 0$aConduction anesthesia. 676 $a617.964 700 $aGrant$b Stuart A.$0931747 702 $aAuyong$b David B. 801 0$bMiAaPQ 801 1$bMiAaPQ 801 2$bMiAaPQ 906 $aBOOK 912 $a9910465673203321 996 $aUltrasound guided regional anesthesia$92095904 997 $aUNINA LEADER 02317 am 2200421 n 450 001 9910584594803321 005 20240104030712.0 010 $a2-7574-3007-6 024 7 $a10.4000/books.septentrion.132066 035 $a(CKB)5680000000060797 035 $a(FrMaCLE)OB-septentrion-132066 035 $a(PPN)264713915 035 $a(EXLCZ)995680000000060797 100 $a20220718j|||||||| ||| 0 101 0 $afre 135 $auu||||||m|||| 200 03$aLe Chevalier perdu dans le labyrinthe de l?amour$fJohann-Gottfried Schnabel 210 $aVilleneuve d'Ascq$cPresses universitaires du Septentrion$d2022 215 $a1 online resource (228 p.) 311 $a2-7574-2947-7 330 $aUn jeune noble allemand complète sa formation par un voyage en Italie où l?attendent des aventures galantes avec de grandes dames effrontées et des femmes du peuple délurées. Revenu en Allemagne, ce « chevalier de Vénus » se marie plusieurs fois et subit deuils et revers de fortune qu?il attribue à ses péchés de jeunesse. Des épisodes secondaires, avec de multiples personnages appartenant à la société de Cour et aux milieux populaires, constituent autant d?intermèdes qui se greffent sur la trame principale. Érotisme allusif, critique sociale pré-révolutionnaire et moralisme édifiant s?entremêlent dans ce roman d?aventures mouvementées au rythme rapide, bon exemple de la littérature libertine du xviiie siècle. La première traduction française d?une ?uvre très connue en Allemagne et toujours rééditée depuis trois siècles. A young german gentleman completes his training by traveling across Italy, where he experiences numerous spicy love affairs with noble ladies and common women. 606 $aLiterature (General) 606 $aroman picaresque 606 $aroman libertin 606 $acritique sociale 606 $aféminisme 615 4$aLiterature (General) 615 4$aroman picaresque 615 4$aroman libertin 615 4$acritique sociale 615 4$aféminisme 700 $aSchnabel$b Johann-Gottfried$0386101 701 $aReynaud$b Alain$0127861 801 0$bFR-FrMaCLE 906 $aBOOK 912 $a9910584594803321 996 $aLe Chevalier perdu dans le labyrinthe de l?amour$93657522 997 $aUNINA